Obras completas de Don Francisco de Quevedo / (Record no. 114550)

MARC details
000 -LEADER
campo de control de longitud fija 01400nam a22002411 4500
001 - NÚMERO DE CONTROL
campo de control 114550
003 - IDENTIFICADOR DE NÚMERO DE CONTROL
campo de control ES-MaACL
005 - FECHA Y HORA DE LA ÚLTIMA TRANSACCIÓN
campo de control 20240523063034.0
007 - CAMPO FIJO DE DESCRIPCIÓN FÍSICA--INFORMACIÓN GENERAL
campo de control de longitud fija t|
008 - DATOS DE LONGITUD FIJA--INFORMACIÓN GENERAL
campo de control de longitud fija 070308s1932 sp ||||0| spa d
016 7# - NÚMERO DE CONTROL DE UNA AGENCIA BIBLIOGRÁFICA NACIONAL
Número de control cancelado/no válido IND9600733968
040 ## - FUENTE DE CATALOGACIÓN
Centro catalogador/agencia de origen M-BN
Lengua de catalogación spa
Centro/agencia transcriptor CDM
100 1# - ENTRADA PRINCIPAL--NOMBRE DE PERSONA
Nombre de persona Quevedo, Francisco de,
Fechas asociadas al nombre 1580-1645
9 (RLIN) 94591
245 10 - MENCIÓN DEL TÍTULO
Título Obras completas de Don Francisco de Quevedo /
Mención de responsabilidad, etc. textos genuinos del autor, descubiertos, clasificados y anotados por Luis Astrana Marín.
250 ## - MENCION DE EDICION
Mención de edición Ed. crítica.
260 ## - PUBLICACIÓN, DISTRIBUCIÓN, ETC.
Lugar de publicación, distribución, etc. Madrid :
Nombre del editor, distribuidor, etc. Aguilar,
Fecha de publicación, distribución, etc. 1932.
300 ## - DESCRIPCIÓN FÍSICA
Extensión 2 v., 2 lám ;
Dimensiones 19 cm.
500 ## - NOTA GENERAL
Nota general Las lám. retratos de Quevedo.
505 8# - NOTA DE CONTENIDO CON FORMATO
Nota de contenido con formato Contiene: Vol. 1. Obras en prosa: Obras festivas - Novela: Historia de la vida del Buscón llamado Don Pablos - Obras satírico morales: Sueños y discursos - Fantasías morales - Obras políticas - Obras crítico-literarias - Obras filosóficas - Traducciones en prosa - Epitafios - Escritos varios - ASdvertencias y elogios en libros ajenos - Censuras y aprobaciones - Apuntes particulares y observaciones raras a todo género de autores - Epistolario -- Vol. 2. Obras en verso: Poesías - Teatro: Diálogos - Bailes - Loas - Entremeses - Comedias - Traducciones en verso con disertaciones y comentarios - Parte crítica.
700 1# - ENTRADA AGREGADA--NOMBRE PERSONAL
Nombre de persona Astrana Marín, Luis.
9 (RLIN) 23693
852 ## - LOCALIZACIÓN
Ubicación ES-MaACL
Número de control de estantería F-15131-2
Sublocalización o colección R.18966
Holdings
Estatus retirado Estado de pérdida Estado de daño No para préstamo Biblioteca de origen Biblioteca actual Ubicación en estantería Fecha de adquisición Fuente de adquisición Total de préstamos Signatura topográfica completa Código de barras Visto por última vez Precio de reemplazo Tipo de ítem Koha
        Biblioteca del Ateneo de Madrid Biblioteca del Ateneo de Madrid Sala Pecera Planta 2 17/01/2008     F-15131-2 1119459 23/02/2023 23/02/2023 Libro impreso